| 000 | 00801nam a22002417a 4500 | ||
|---|---|---|---|
| 999 |
_c189239 _d189239 |
||
| 010 | _aB-745500 | ||
| 020 |
_a9878131717431 _c749.00 |
||
| 035 | _aB-745500 | ||
| 037 | _bPerson Education,Inc | ||
| 100 | _aCoughlan, Anne T. | ||
| 245 |
_aMarketing Channels/ _cAnne T. Coughlan...[et al.] |
||
| 250 | _a7th | ||
| 260 |
_aNew Delhi _bDorling Kindersley(INDIA) Pvt Ltd _c2011 |
||
| 270 |
_a11 Community Center, Panchsheel Park _bNew Delhi _e110017 |
||
| 300 |
_axx, 541p. _bill _c24cm(pbk) |
||
| 500 | _aCompany Index, Subject Index | ||
| 700 | _aAndreson, Erin | ||
| 700 | _aW.Stern,Louis | ||
| 700 | _aEl-Ansary, Adel I. | ||
| 700 | _aNatarajn, R.C. | ||
| 942 |
_2ddc _cEN _kCOU _h658.87 |
||